000
00290nam a22001337a 4500
008
181121b xxu||||| |||| 00| 0 eng d
020
_a
2740280077245
041
_a
eng
080
_2
10 TH
_a
510
100
_a
39
101
_a
MAT
245
_a
Mathematics
_c
Smith.k.j
942
_2
udc
_c
BK
999
_c
52260
_d
52260